=LDR 00000nam 2200000 4500 =001 INLIS000000000005830 =005 20251029095636 =035 ##$$a 0010-1025000885 =007 ta =008 251029###########################0#ind## =082 ##$$a 362.198909598 =084 ##$$a 362.198909598 BAD p =245 1#$$a Proposal Marketing KB Mandiri: ‘LIBI–LIMAS–ANDALAN’” : $b - /$c Badan Koordinasi Keluarga Berencana Nasional =260 ##$:$b Badan Koordinasi Keluarga Berencana Nasional =300 ##$$a 7 hal : $b - ; $c 21 cm =650 #4$$a Keluarga Berencana =110 #$$a Badan Koordinasi Keluarga Berencana Nasional =856 ##$$a Perpustakaan Kemendukbangga